000 01091nam a2200313 i 4500
003 EG-GICUC
005 20260206045537.0
008 260110s2012 ua |||f |||| 00| 0 ara d
040 _a EG-GICUC
_bara
_c EG-GICUC
_d EG-GICUC
_erda
041 0 _aAra
082 0 4 _221
_a343.71
_bع ا . م
092 0 4 _221
099 _aLaw1 10 343.71 ع ا . م 2012
100 0 _aعادل يحيى
_eمؤلف.
245 1 0 _aمبادئ علم العقاب /
_cتأليف الدكتور عادل يحيى.
250 _aالطبعة الأولى
264 1 _aالقاهرة :
_bدار النهضة العربية،
_c2012.
300 _a276 صفحة؛
_c24 سم.
336 _2rda content
_atext
337 _2rda media
_aComputer
338 _2rda carrier
_aOnline Resource
546 _aالنص باللغة العربية
650 1 _aالقواعد العامة فى علم العقاب
_2qrmak
650 1 _aالقانون الجنائى
_2qrmak
651 1 _2qrmak
856 4 0 _uhttps://fll.law.cu.edu.eg/fulltext/bks/B10-07711.pdf
905 _a54
_eYara
942 _2ddc
_cBK
_e21
_n0
999 _c56016
_d56016